[Event "Jaipur op 2nd"]
[Site "Jaipur"]
[Date "2025.04.25"]
[Round "5"]
[White "Pranay, Chordia"]
[Black "Majumder, Shrayan"]
[Result "0-1"]
[WhiteElo "1840"]
[BlackElo "2110"]
[PlyCount "70"]
[EventDate "2025.04.23"]
[EventType "swiss"]
[EventRounds "9"]
[EventCountry "IND"]
[SourceTitle "CB18_2025"]
[SourceDate "2025.04.30"]
[SourceVersion "1"]
[SourceVersionDate "2025.04.30"]
[SourceQuality "1"]

1. Nf3 Nf6 2. e3 b6 3. b3 Bb7 4. Bb2 g6 5. c4 Bg7 6. Be2 0-0 7. 0-0 c5 8. d4 cxd4 9. Nxd4 Nc6 10. Bf3 Qc7 11. Nc3 Nxd4 12. exd4 d5 13. Rc1 dxc4 14. Bxb7 Qxb7 15. bxc4 Rfd8 16. Re1 e6 17. Qd3 Rac8 18. Red1 Ne8 19. Ne4 Nd6 20. Nxd6 Rxd6 21. Qb3 Rd7 22. Rd3 Qa6 23. Qc2 Rdc7 24. Ra3 Rxc4 25. Qxc4 Qxc4 26. Rac3 Qxc3 27. Rxc3 Rxc3 28. Bxc3 Kf8 29. f4 Ke7 30. Kf2 Kd6 31. Ke3 Kd5 32. Kd3 b5 33. g4 Bf8 34. Ba5 Bd6 35. Bd2 g5 0-1

[Event "Jaipur op 2nd"]
[Site "Jaipur"]
[Date "2025.04.24"]
[Round "4"]
[White "Pranay, Chordia"]
[Black "Mathur, Raj"]
[Result "1-0"]
[WhiteElo "1840"]
[BlackElo "1666"]
[PlyCount "65"]
[EventDate "2025.04.23"]
[EventType "swiss"]
[EventRounds "9"]
[EventCountry "IND"]
[SourceTitle "CB18_2025"]
[SourceDate "2025.04.30"]
[SourceVersion "1"]
[SourceVersionDate "2025.04.30"]
[SourceQuality "1"]

1. d4 Nf6 2. Bf4 d5 3. e3 Bf5 4. Nf3 e6 5. Be2 Bd6 6. Ne5 c6 7. g4 Be4 8. f3 Bg6 9. h4 h6 10. Nxg6 fxg6 11. Qd3 Kf7 12. Nd2 Rf8 13. Bxd6 Qxd6 14. f4 Na6 15. c3 g5 16. hxg5 hxg5 17. Nf3 Ne4 18. Ne5+ Ke7 19. Rh7 Nb4 20. Qd1 Ke8 21. Qb3 gxf4 22. Qxb4 Qc7 23. exf4 a5 24. Qb3 Rxf4 25. Rh8+ Rf8 26. Rxf8+ Kxf8 27. 0-0-0 b5 28. Bd3 Nd6 29. Rf1+ Kg8 30. Qc2 g6 31. Bxg6 Qg7 32. Bf7+ Kf8 33. Ng6+ 1-0